| 000 | 00000nam 2200000za 4500 |
| 001 | 9.657302 |
| 003 | CaOODSP |
| 005 | 20200328080053 |
| 007 | ta |
| 008 | 150407|1994||||xxc||||| f|0| 0 fre d |
| 020 | |a0-662-61386-4 |
| 040 | |aCaOODSP|bfre |
| 041 | |aeng |
| 041 | |afre |
| 043 | |an-cn--- |
| 086 | 1 |aIP34-5/1994 |
| 110 | 1 |aCanada.|bCommissaire à la protection de la vie privée du Canada. |
| 245 | 10|aDix ans d'accès à l'information. Vers l'avenir |
| 260 | |aOttawa - Ontario : |bCommissaire à la protection de la vie privée |c1994. |
| 300 | |aTexte français, 28p. ; |c28 cm. |
| 500 | |aSommaire: L'héritage du Canada: les tiraillements de la souveraineté parlementaire.--La genèse de la Loi: différentes propositions.--Le Commissariat: la conscience du système?--Recours judiciaires.--Les premières années de la Loi: des grandes espérances à la réalité virtuelle. |
| 546 | |aBilingue |
| 563 | |aCouverture souple |
| 590 | |a95-02|b1995-01-13 |
| 691 | 07|aAccès à l'information|2gcpds |
| 691 | 07|aLégislation|2gcpds |
| 791 | |tThe Access to Information Act: 10 years on |eeng|w(CaOODSP)9.657301 |